Представление документа в формате MARC21

Поле Инд. ПП Название Значение
Тип записи a
Библиографический уровень b
001 Контрольный номер RU/IS/BASE/499785922
005 Дата корректировки 20200522191742.6
008 Кодируемые данные 20151102
040 b Код языка каталог. rus
e Правила каталог. PSBO
041 0_ a Код языка текста rus
084 a Индекс другой классификации/Индекс ББК 63.3(2)6-3; 60.73(2)6-4
100 1_ a Автор Исупов В. А.
q Полное имя Исупов Владимир Анатольевич
245 10 a Заглавие Рождаемость населения России в 1939 - 1945 гг.
500 a Примечание В рубрике "К 70-летию Великой Победы"
504 a Библиография Лит. в примеч.
520 a Аннотация Выявляются параметры рождаемости населения тыловых районов России и факторов, их определяющих, характерных для периода Второй мировой войны. Реальный дефицит рождений стал в те годы важнейшим компонентом обрушившейся на Россию демографической катастрофы.
650 a Основная рубрика внутренняя политика
a Основная рубрика демография
a Основная рубрика история
a Основная рубрика народонаселение
653 1_ a Ключевые слова XX век
a Ключевые слова брачность
a Ключевые слова Великая Отечественная война 1941-1945
a Ключевые слова воспроизводство населения
a Ключевые слова Вторая мировая война 1939-1945
a Ключевые слова городское население
a Ключевые слова демографическая история
a Ключевые слова демографическая катастрофа
a Ключевые слова демографическая политика
a Ключевые слова естественное движение населения
a Ключевые слова контроль рождаемости
a Ключевые слова людские потери
a Ключевые слова половозрастной состав населения
a Ключевые слова разводы
a Ключевые слова регионы России
a Ключевые слова рождаемость
a Ключевые слова Россия
a Ключевые слова сельское население
a Ключевые слова советский период
a Ключевые слова советское общество
a Ключевые слова СССР
a Ключевые слова статистический учет
a Ключевые слова численность населения
773 0_ t Заглавие источника Российская история
d Дата издания источника 2015
g Прочая информация № 1. - С. 3 - 18 : табл.
w Контрольный № источника RU/IS/BASE/476993288
901 t Тип документа b